000 00639nam a2200181 4500
999 _c17227
_d17227
008 220830b ||||| |||| 00| 0 eng d
020 _a9781526463852
082 _22022
_aDC 361.3206
_bH874
100 _aHughes, Mark.
_945801
245 _aOrganisations and Management in Social Work :
_beveryday action for change /
_cMark Hughes and Michael Wearing.
250 _a4th edition.
260 _aLos Angeles :
_bSAGE,
_c©2022.
300 _axv, 270 pages :
_billustrations ;
_c24 cm.
500 _aIncludes references and index.
650 _aIndustrial welfare.
_945802
700 _aWearing, Michael.
_eauthor.
_945803
942 _2ddc
_cDC